[Event "USCL Week 4"]
[Site "Internet Chess Club"]
[Date "2012.09.24"]
[Round "?"]
[White "Klemm, Vince"]
[Black "Mu, Joshua"]
[Result "0-1"]
[WhiteElo "2073"]
[BlackElo "2242"]
[PlyCount "64"]
[EventDate "2012.??.??"]

1. d4 Nf6 2. c4 g6 3. f3 d5 4. cxd5 Nxd5 5. e4 Nb6 6. Be3 Bg7 7. Nc3 Nc6 8. d5
Ne5 9. f4 Ned7 10. Bd4 Nf6 11. Bb5+ Bd7 12. Qe2 c6 13. dxc6 bxc6 14. Ba6 O-O
15. O-O-O Ne8 16. Bxg7 Nxg7 17. Bb7 Rb8 18. Bxc6 Qc7 19. Bxd7 Nxd7 20. Nh3 Nb6
21. Kb1 Ne6 22. Rhf1 Qc5 23. Qf2 Qb4 24. a3 Qa5 25. Nd5 Nc4 26. Nxe7+ Kh8 27.
Nc6 Qc3 28. Nxb8 Rxb8 29. b4 Qb3+ 30. Ka1 Qxa3+ 31. Qa2 Qc3+ 32. Kb1 Rxb4+ 0-1

[Event "USCL Week 4"]
[Site "Internet Chess Club"]
[Date "2012.09.24"]
[Round "?"]
[White "Korley, Kassa"]
[Black "Gulko, Boris"]
[Result "0-1"]
[WhiteElo "2353"]
[BlackElo "2590"]
[PlyCount "64"]
[EventDate "2012.??.??"]

1. g3 e5 2. c4 c6 3. Bg2 d5 4. Nf3 e4 5. Nd4 dxc4 6. Nc2 f5 7. Ne3 Be6 8. Na3
Qd4 9. Nac2 Qd7 10. b3 cxb3 11. axb3 Be7 12. O-O Na6 13. Ra5 Nf6 14. Bb2 c5 15.
Nc4 O-O 16. N2e3 Nb4 17. Qa1 Nc6 18. Ra3 Rad8 19. Rd1 a6 20. Ne5 Nxe5 21. Bxe5
Bd6 22. Bc3 Qe7 23. Nc4 Bc7 24. Na5 Bb8 25. Qc1 Bd5 26. Bb2 f4 27. Nc4 b5 28.
Nb6 Bb7 29. Qa1 Qd6 30. Na8 Rf7 31. d3 fxg3 32. hxg3 Ng4 0-1

[Event "USCL Week 4"]
[Site "Internet Chess Club"]
[Date "2012.09.24"]
[Round "?"]
[White "Liou, Yian"]
[Black "Bodek, Michael"]
[Result "1/2-1/2"]
[WhiteElo "2390"]
[BlackElo "2409"]
[PlyCount "53"]
[EventDate "2012.??.??"]

1. e4 e5 2. Nf3 Nc6 3. Bb5 Nf6 4. O-O Nxe4 5. d4 Nd6 6. Bxc6 dxc6 7. dxe5 Nf5
8. Qxd8+ Kxd8 9. Rd1+ Ke8 10. Nc3 Be7 11. Bg5 h5 12. h3 Be6 13. Rd2 h4 14. Rad1
Rh5 15. Bxe7 Nxe7 16. b3 Ng6 17. Re1 Rd8 18. Rxd8+ Kxd8 19. a4 a5 20. Kh2 Kc8
21. Re3 c5 22. Re4 Kd7 23. Kg1 Kc6 24. Kf1 b6 25. Kg1 Bc8 26. Re3 Be6 27. Re4
1/2-1/2

[Event "USCL Week 4"]
[Site "Internet Chess Club"]
[Date "2012.09.24"]
[Round "?"]
[White "Swaminathan, Rahul"]
[Black "Balakrishnan, Praveen"]
[Result "0-1"]
[WhiteElo "2197"]
[BlackElo "2097"]
[PlyCount "88"]
[EventDate "2012.??.??"]

1. e4 c6 2. d4 d5 3. Nc3 dxe4 4. Nxe4 Bf5 5. Ng3 Bg6 6. h4 h6 7. Nf3 Nd7 8. h5
Bh7 9. Bd3 Bxd3 10. Qxd3 e6 11. Bd2 Ngf6 12. O-O-O Be7 13. Qe2 O-O 14. Nf1 b5
15. g4 Nh7 16. Kb1 a5 17. Ng3 b4 18. Ne5 Nxe5 19. dxe5 Qb6 20. f4 a4 21. Be3
Qa5 22. g5 hxg5 23. fxg5 Qxe5 24. g6 Qxg3 25. gxh7+ Kh8 26. Bd4 Bf6 27. Bxf6
gxf6 28. Rhg1 Qf4 29. Qg2 Qh6 30. Qxc6 a3 31. b3 Rab8 32. Qf3 f5 33. Qd3 Kxh7
34. Qd4 Rfd8 35. Qe5 Rg8 36. Rge1 Rbd8 37. Rxd8 Rxd8 38. Rg1 Qg5 39. Rc1 Qd2
40. Qf6 Rd7 41. c4 bxc3 42. Qxc3 Qe2 43. h6 e5 44. Qg3 Qb2# 0-1

[Event "USCL Week 4"]
[Site "Internet Chess Club"]
[Date "2012.09.24"]
[Round "?"]
[White "Margvelashvili, Giorgi"]
[Black "Cozianu, Costin"]
[Result "1-0"]
[WhiteElo "2593"]
[BlackElo "2508"]
[PlyCount "79"]
[EventDate "2012.??.??"]

1. d4 Nf6 2. Nf3 g6 3. c4 Bg7 4. Nc3 O-O 5. Bg5 d6 6. e3 h6 7. Bh4 Qe8 8. Be2
Na6 9. Nd2 c5 10. d5 Nc7 11. e4 Bd7 12. a4 a6 13. a5 Rb8 14. O-O b5 15. axb6
Rxb6 16. Qc2 Qb8 17. b3 e5 18. Rfb1 Qb7 19. Nd1 Rb8 20. Nb2 Qc8 21. Nd3 Nh7 22.
f3 Bf6 23. Bf2 a5 24. Rxa5 Na6 25. h4 h5 26. g3 Nb4 27. Nxb4 Rxb4 28. Be3 g5
29. hxg5 Bxg5 30. f4 Bh6 31. Qd3 exf4 32. Bxf4 Bxf4 33. gxf4 Bg4 34. Ra2 f6 35.
Nf1 R4b7 36. Bxg4 Rg7 37. Ne3 Kh8 38. Rg2 hxg4 39. Nf5 Rg6 40. e5 1-0

[Event "USCL Week 4"]
[Site "Internet Chess Club"]
[Date "2012.09.24"]
[Round "?"]
[White "Shahade, Michael"]
[Black "Korba, Nicky"]
[Result "1-0"]
[WhiteElo "2210"]
[BlackElo "2007"]
[PlyCount "107"]
[EventDate "2012.??.??"]

1. e4 e5 2. Nf3 Nc6 3. Bb5 a6 4. Bxc6 dxc6 5. O-O Qf6 6. d4 exd4 7. Qxd4 Qxd4
8. Nxd4 Bd7 9. Be3 O-O-O 10. Nd2 Nf6 11. f3 Be7 12. Rad1 Rhe8 13. Kf2 Bf8 14.
Bg5 h6 15. Bxf6 gxf6 16. N2b3 c5 17. Nf5 c4 18. Nbd4 c5 19. Ne2 Bxf5 20. exf5
Bd6 21. f4 b5 22. g3 b4 23. Rfe1 Kc7 24. Ng1 a5 25. Nf3 Kc6 26. Nd2 Rxe1 27.
Kxe1 c3 28. bxc3 bxc3 29. Ne4 Be7 30. Rxd8 Bxd8 31. Nxc3 c4 32. Ke2 Kc5 33. Nb1
Kd5 34. Kf3 h5 35. a4 Kc5 36. c3 Kd5 37. h4 Bb6 38. Nd2 Bc5 39. Nf1 Ba3 40.
Ne3+ Kc5 41. g4 hxg4+ 42. Kxg4 Bc1 43. h5 Bxe3 44. h6 Bd2 45. h7 Bxc3 46. h8=Q
Bd2 47. Qf8+ Kd4 48. Qxf7 c3 49. Qxf6+ Kd3 50. Qa6+ Kc2 51. Qxa5 Kd1 52. Qc5 c2
53. f6 c1=Q 54. Qxc1+ 1-0

[Event "USCL Week 4"]
[Site "Internet Chess Club"]
[Date "2012.09.24"]
[Round "?"]
[White "Fisher, William"]
[Black "Kiewra, Keaton"]
[Result "1-0"]
[WhiteElo "2445"]
[BlackElo "2436"]
[PlyCount "167"]
[EventDate "2012.??.??"]

1. Nf3 Nf6 2. c4 g6 3. g3 Bg7 4. Bg2 O-O 5. O-O d5 6. cxd5 Nxd5 7. d4 Nb6 8.
Nc3 Nc6 9. e3 Re8 10. d5 Na5 11. Nd4 Nac4 12. b3 Nd6 13. Bb2 Nf5 14. Nxf5 Bxf5
15. e4 Bd7 16. Kh1 c6 17. dxc6 Bxc6 18. Qe2 e6 19. f4 Qe7 20. Rad1 Rac8 21. Rd2
Red8 22. Rxd8+ Rxd8 23. Rd1 e5 24. Rxd8+ Qxd8 25. f5 Qg5 26. fxg6 hxg6 27. Nd1
Nd7 28. Nc3 Nc5 29. Kg1 Ne6 30. Kh1 Bf8 31. Qd3 Nd4 32. Nd5 Bb5 33. Qd1 Ne2 34.
Bf3 Nd4 35. Bxd4 exd4 36. Qxd4 Qc1+ 37. Qd1 Qb2 38. a4 Bd7 39. Qe2 Qe5 40. Kg2
Bc5 41. b4 Bd6 42. b5 Bc5 43. Qc4 b6 44. Nc3 Be6 45. Qd3 Kh7 46. h4 Kg7 47. Ne2
Kh7 48. Nc3 Bb4 49. Nd5 Qb2+ 50. Be2 Bc5 51. h5 gxh5 52. e5+ Kg7 53. Nf6 Qxe5
54. Qh7+ Kf8 55. Qh8+ Ke7 56. Qe8+ Kxf6 57. Qh8+ Kf5 58. Bd3+ Qe4+ 59. Bxe4+
Kxe4 60. Qxh5 Bd5 61. Kh2 Kd4 62. Qd1+ Kc4 63. Qg4+ Kc3 64. Qd7 Bb3 65. Qxa7
Kb4 66. a5 bxa5 67. Qb8 a4 68. b6 Bxb6 69. Qxb6+ Ka3 70. Qc5+ Kb2 71. Qf2+ Kb1
72. Qg1+ Kb2 73. Qd4+ Kb1 74. g4 a3 75. Qc3 Ka2 76. g5 Be6 77. g6 fxg6 78. Qd2+
Kb1 79. Qe1+ Kb2 80. Qe2+ Kb1 81. Qxe6 a2 82. Qb3+ Ka1 83. Qc2 g5 84. Qc1# 1-0

[Event "USCL Week 4"]
[Site "Internet Chess Club"]
[Date "2012.09.24"]
[Round "?"]
[White "Katz, Alexander"]
[Black "Viswanadha, Kesav"]
[Result "1-0"]
[WhiteElo "2250"]
[BlackElo "2181"]
[PlyCount "143"]
[EventDate "2012.??.??"]

1. e4 c5 2. Nf3 d6 3. d4 cxd4 4. Nxd4 Nf6 5. Nc3 a6 6. Bg5 Nbd7 7. f4 Qc7 8.
Qf3 b5 9. O-O-O Bb7 10. Bd3 e6 11. Rhe1 Be7 12. Qg3 b4 13. Nd5 exd5 14. exd5
Kd8 15. Nc6+ Bxc6 16. dxc6 Nc5 17. Bh4 Rg8 18. Bxh7 Rh8 19. Qxg7 Rxh7 20. Qxf6
Rxh4 21. Qxf7 Rh8 22. Re5 Na4 23. Re6 Nc5 24. Re5 Na4 25. Re3 Nb6 26. Rde1 Nc8
27. Qg7 Re8 28. f5 Qxc6 29. f6 Kc7 30. h4 Kb8 31. f7 Rd8 32. Rxe7 Nxe7 33. Rxe7
Qc8 34. Qd4 Qc6 35. Qxb4+ Kc8 36. Qg4+ Kb8 37. Qg8 Rc8 38. c3 Qc4 39. Re8 Qf1+
40. Kd2 Qf2+ 41. Kd3 Qf1+ 42. Ke3 Kb7 43. Qh7 Kb6 44. Re4 Rc4 45. Re8 Rcc8 46.
Re4 a5 47. Qg6 Qe1+ 48. Kf3 Qd1+ 49. Kg3 Qd5 50. Re8 Qxf7 51. Qxf7 Rxe8 52. Qd5
Rad8 53. Qd4+ Kc6 54. c4 Re5 55. a3 Rb8 56. Kh2 Rb3 57. g3 Re2+ 58. Kh3 Re5 59.
Qg4 Ree3 60. h5 Rb8 61. Qf4 Re5 62. g4 Rxb2 63. h6 Rb3+ 64. Kh4 Ree3 65. h7
Rh3+ 66. Kg5 Rb8 67. Qe4+ Kc7 68. Kf6 Rd8 69. g5 d5 70. Qe5+ Kc6 71. Qe6+ Kc7
72. Qxh3 1-0

[Event "USCL Week 4"]
[Site "Internet Chess Club"]
[Date "2012.09.24"]
[Round "?"]
[White "Romanenko, Vladimir"]
[Black "Molner, Mackenzie"]
[Result "1/2-1/2"]
[WhiteElo "2513"]
[BlackElo "2511"]
[PlyCount "127"]
[EventDate "2012.??.??"]

1. e4 c5 2. Nc3 d6 3. g3 Nc6 4. Bg2 g6 5. d3 Bg7 6. Be3 Rb8 7. Qd2 b5 8. Nge2
b4 9. Nd1 Nd4 10. c3 bxc3 11. bxc3 Nxe2 12. Qxe2 e5 13. O-O Ne7 14. Qd2 O-O 15.
Bh6 Be6 16. Bxg7 Kxg7 17. h4 f5 18. exf5 Nxf5 19. Ne3 Nxe3 20. Qxe3 Rb2 21. f4
Qc8 22. Rab1 exf4 23. gxf4 Rxg2+ 24. Kxg2 Bd5+ 25. Kg3 h5 26. f5 Rxf5 27. Qe7+
Kh6 28. Rb8 Qxb8 29. Rxf5 gxf5 30. Qf6+ Kh7 31. Qxf5+ Kg7 32. Qg5+ Kf8 33. Qxd5
Qc7 34. Qf5+ Kg7 35. Qxh5 Qa5 36. Qg4+ Kf6 37. Qf4+ Ke6 38. Qh6+ Kf7 39. Qxd6
Qxc3 40. Qd5+ Kg7 41. h5 Kh6 42. Kf4 Qf6+ 43. Ke3 Qc3 44. Ke4 Qe1+ 45. Kf4 Qh4+
46. Ke5 Qg3+ 47. Ke6 Qc7 48. Qd6 Qc8+ 49. Kf6 Kxh5 50. Qe5+ Kg4 51. Qe6+ Qxe6+
52. Kxe6 Kf4 53. Kd5 Ke3 54. Kc4 a5 55. a4 Ke2 56. Kxc5 Kxd3 57. Kb5 Kd4 58.
Kxa5 Kc5 59. Ka6 Kc6 60. a5 Kc7 61. Ka7 Kc8 62. Kb6 Kb8 63. a6 Ka8 64. a7
1/2-1/2

[Event "USCL Week 4"]
[Site "Internet Chess Club"]
[Date "2012.09.24"]
[Round "?"]
[White "Shvartsman, Andrew"]
[Black "Mohandesi, Shahin"]
[Result "1/2-1/2"]
[WhiteElo "2343"]
[BlackElo "2399"]
[PlyCount "124"]
[EventDate "2012.??.??"]

1. e4 c5 2. Nf3 e6 3. d4 cxd4 4. Nxd4 a6 5. Bd3 Qc7 6. O-O Nf6 7. Nc3 Nc6 8.
Be3 Bb4 9. Qe2 O-O 10. f4 Nxd4 11. Bxd4 Bc5 12. Bxc5 Qxc5+ 13. Kh1 d5 14. e5
Nd7 15. f5 exf5 16. e6 Nf6 17. Bxf5 Bxe6 18. Bxe6 fxe6 19. Qxe6+ Kh8 20. Qf5
Rad8 21. Rad1 h6 22. Rf3 Qb4 23. Qd3 Qxb2 24. Rb1 Qa3 25. Rxb7 d4 26. Nb1 Qxd3
27. cxd3 Rb8 28. Rb3 Rxb3 29. axb3 Rc8 30. Kg1 Ng4 31. Nd2 Rc2 32. Nc4 Rc1+ 33.
Rf1 Rc3 34. Rf4 Rc1+ 35. Rf1 Rc2 36. Rf4 Ne3 37. Rxd4 Rxg2+ 38. Kh1 Re2 39.
Nxe3 Rxe3 40. Kg2 Re6 41. Kf3 Kg8 42. Kf4 Kf7 43. Rd7+ Kf6 44. Rd4 g5+ 45. Kg4
Kg6 46. b4 h5+ 47. Kf3 Kf5 48. Rd5+ Re5 49. Rd6 g4+ 50. Kg3 Kg5 51. h4+ Kf5 52.
Rxa6 Re3+ 53. Kf2 Rxd3 54. Rh6 g3+ 55. Ke2 Rb3 56. Rxh5+ Kg4 57. Rg5+ Kh3 58.
h5 Rb2+ 59. Ke3 Rb3+ 60. Ke2 Rb2+ 61. Ke3 Rb3+ 62. Ke2 Rb2+ 1/2-1/2

[Event "USCL Week 4"]
[Site "Internet Chess Club"]
[Date "2012.09.24"]
[Round "?"]
[White "Balasubramanian, Adithya"]
[Black "Collyer, Curt"]
[Result "1/2-1/2"]
[WhiteElo "2345"]
[BlackElo "2294"]
[PlyCount "169"]
[EventDate "2012.??.??"]

1. e4 b6 2. d4 Bb7 3. Bd3 Nf6 4. Qe2 Nc6 5. c3 e5 6. Nf3 d6 7. Nbd2 Nd7 8. Nc4
Be7 9. Ne3 exd4 10. cxd4 Nb4 11. Bb1 O-O 12. a3 Nc6 13. O-O Re8 14. Ba2 Bf6 15.
Qc4 Rf8 16. Nd5 Rc8 17. Re1 Ne7 18. Nxf6+ Nxf6 19. e5 Ne4 20. Qd3 d5 21. Ng5
Nxg5 22. Bxg5 Qd7 23. Bb1 Ng6 24. Qf3 Rce8 25. Bf5 Qb5 26. b4 h6 27. Bd3 Qd7
28. Bd2 c5 29. Bf5 Qc7 30. bxc5 Nh4 31. Qg4 Nxf5 32. Qxf5 bxc5 33. Rac1 Re6 34.
Rxc5 Qb6 35. Rb1 Qa6 36. Rc7 Bc8 37. Bb4 Rc6 38. Rxc6 Qxc6 39. Qf4 Re8 40. Rc1
Qb6 41. h3 Be6 42. Rc5 Rc8 43. Qe3 Rxc5 44. dxc5 Qc6 45. f4 Bc8 46. Kh2 a6 47.
Qd3 Bb7 48. Qd4 Bc8 49. Bc3 Qe6 50. g4 h5 51. f5 Qd7 52. Kg3 hxg4 53. hxg4 Kf8
54. Bb4 Qc6 55. Kf4 Qh6+ 56. Kg3 Qc6 57. Qf4 Kg8 58. f6 Qb5 59. Qd4 Be6 60. Kf2
Qa4 61. Qc3 Qc6 62. Qc1 gxf6 63. exf6 Kf8 64. Qf4 Ke8 65. Qb8+ Kd7 66. Qe5 a5
67. Bd2 Qxc5+ 68. Be3 Qxa3 69. g5 Qd3 70. Qb2 Qa6 71. Qa3 Qd6 72. Qa4+ Qc6 73.
Qxa5 Qc2+ 74. Bd2 Qf5+ 75. Ke2 Qe4+ 76. Kd1 Qb1+ 77. Bc1 Qd3+ 78. Ke1 Qe4+ 79.
Kd2 Qd4+ 80. Ke1 Qe4+ 81. Kf2 Qf5+ 82. Ke1 Qe4+ 83. Kf2 Qf5+ 84. Ke1 Qe4+ 85.
Kf2 1/2-1/2

[Event "USCL Week 4"]
[Site "Internet Chess Club"]
[Date "2012.09.24"]
[Round "?"]
[White "Abrahamyan, Tatev"]
[Black "Minear, Peter"]
[Result "1-0"]
[WhiteElo "2432"]
[BlackElo "2427"]
[PlyCount "137"]
[EventDate "2012.??.??"]

1. e4 e5 2. Nf3 Nc6 3. Bc4 Nf6 4. Ng5 d5 5. exd5 Na5 6. Bb5+ c6 7. dxc6 bxc6 8.
Bd3 h6 9. Ne4 Nd5 10. O-O Be7 11. Ng3 g6 12. Be4 f5 13. Bf3 O-O 14. d3 Kh7 15.
Nc3 Be6 16. Bd2 Bf6 17. Re1 Rb8 18. Na4 Bf7 19. a3 Nb7 20. Qc1 h5 21. Rb1 h4
22. Nf1 Rg8 23. b4 g5 24. h3 Qd7 25. c4 Nc7 26. Bc3 Rbe8 27. Ne3 Bg6 28. Qb2
Ne6 29. b5 c5 30. Nd5 Bg7 31. Bxe5 Nd4 32. Bxd4 cxd4 33. Qd2 Qd8 34. c5 Bh6 35.
Qa2 g4 36. hxg4 fxg4 37. Rxe8 Rxe8 38. Bxg4 Bxd3 39. Rd1 Be4 40. Ndc3 Bg6 41.
c6 Qg5 42. Bd7 h3 43. Bxh3 dxc3 44. Nxc3 Nc5 45. c7 Qe5 46. Qc4 Qxc7 47. Rd7+
Qxd7 48. Bxd7 Re1+ 49. Kh2 Nxd7 50. Nd5 Bf5 51. Qc7 Bg7 52. Qxa7 Be5+ 53. f4
Bg7 54. b6 Bd4 55. Qc7 Rd1 56. Ne7 Bxb6 57. Qc4 Bg1+ 58. Kg3 Rd3+ 59. Kh4 Bf2+
60. Kg5 Rg3+ 61. Kxf5 Rg7 62. Nd5 Bh4 63. Qc2 Kh8 64. a4 Rf7+ 65. Kg4 Be1 66.
Qb1 Bd2 67. Qb2+ Rg7+ 68. Kh5 Ba5 69. Kh6 1-0

[Event "USCL Week 4"]
[Site "Internet Chess Club"]
[Date "2012.09.24"]
[Round "?"]
[White "Kraai, Jesse"]
[Black "Kacheishvili, Giorgi"]
[Result "0-1"]
[WhiteElo "2567"]
[BlackElo "2697"]
[PlyCount "188"]
[EventDate "2012.??.??"]

1. Nf3 c5 2. c4 Nc6 3. Nc3 g6 4. e3 Nf6 5. d4 cxd4 6. exd4 d5 7. cxd5 Nxd5 8.
Qb3 Nxc3 9. Bc4 Nd5 10. Bxd5 e6 11. Bxc6+ bxc6 12. O-O Qd5 13. Qxd5 cxd5 14.
Bf4 f6 15. Rfc1 h5 16. h4 Rh7 17. Ne1 Rb7 18. Nd3 Bd7 19. Rc2 a5 20. Rac1 a4
21. Rc7 Raa7 22. Rxb7 Rxb7 23. Rc7 Rxc7 24. Bxc7 Bb5 25. Nf4 Kf7 26. a3 Bh6 27.
f3 g5 28. hxg5 Bxg5 29. Kf2 h4 30. g3 hxg3+ 31. Kxg3 Bc4 32. Bd6 Bh6 33. Kf2
Bg5 34. Kg3 Bb3 35. Kf2 Bc2 36. Ne2 Bh6 37. f4 Ke8 38. Ke3 Kd7 39. Bb8 Kc6 40.
Nc3 Bb3 41. Kf3 Bf8 42. f5 exf5 43. Bf4 Kd7 44. Nb5 Be7 45. Nc3 Bd8 46. Bb8 Ba5
47. Kf4 Ke6 48. Kf3 Bb6 49. Ke3 Kf7 50. Ne2 Ba5 51. Nf4 Bc4 52. Bd6 Be1 53. Bc7
Bh4 54. Kd2 Bf2 55. Kc3 Be1+ 56. Kc2 Ke7 57. Ng6+ Ke6 58. Nf4+ Kd7 59. Bb8 Bg3
60. Kc3 Bb3 61. Kd3 Kc6 62. Ke3 Kb5 63. Bc7 Bh2 64. Kd3 Bc4+ 65. Kc2 Ba2 66.
Nxd5 Bxc7 67. Nxc7+ Kc4 68. d5 Bb3+ 69. Kd2 Kc5 70. Ke3 Kd6 71. Ne8+ Kxd5 72.
Nxf6+ Kc4 73. Nh5 Bc2 74. Kd2 Be4 75. Nf4 Bf3 76. Nd3 Bd5 77. Nf4 Bf7 78. Ng2
Kd4 79. Nf4 Bc4 80. Nh5 Ke4 81. Nf6+ Ke5 82. Nd7+ Kd4 83. Nf8 f4 84. Ng6 f3 85.
Nh4 f2 86. Nf3+ Kc5 87. Nh2 f1=Q 88. Nxf1 Bxf1 89. Kc2 Kc4 90. Kb1 Kb3 91. Ka1
Kc2 92. Ka2 Bc4+ 93. Ka1 Bg8 94. b4 axb3 0-1

[Event "USCL Week 4"]
[Site "?"]
[Date "2012.09.26"]
[Round "?"]
[White "Ivanov, Alexander"]
[Black "Rodriguez, Eric"]
[Result "1-0"]
[WhiteElo "2656"]
[BlackElo "2383"]
[PlyCount "91"]
[EventDate "2012.??.??"]

1. e4 e5 2. Nf3 Nc6 3. Bb5 a6 4. Bxc6 dxc6 5. O-O Bg4 6. h3 h5 7. d3 Qf6 8.
Nbd2 Ne7 9. Re1 Bxf3 10. Qxf3 Qxf3 11. Nxf3 f6 12. d4 Ng6 13. dxe5 fxe5 14. h4
Be7 15. g3 Rf8 16. Ng5 Rf6 17. Be3 O-O-O 18. Kf1 Nh8 19. Ke2 Nf7 20. f4 Bd6 21.
f5 Nh6 22. Ne6 Rg8 23. Bg5 b6 24. Nxg7 Rxg7 25. Bxf6 Rg4 26. Kf3 Nf7 27. a3 Kd7
28. b4 c5 29. bxc5 Bxc5 30. Rad1+ Kc6 31. Rd5 Bd6 32. a4 a5 33. c4 Bb4 34. Re2
Bc3 35. Rc2 Bd4 36. c5 bxc5 37. Rxd4 exd4 38. Bxd4 Nd6 39. Rxc5+ Kd7 40. Be5
Nxe4 41. Rxc7+ Ke8 42. Rc2 Kf7 43. Bf4 Nf6 44. Rc7+ Ke8 45. Rc5 Rg7 46. Be5 1-0

[Event "USCL Week 4"]
[Site "?"]
[Date "2012.09.26"]
[Round "?"]
[White "Alvarez, Ernesto"]
[Black "Wang, Andrew"]
[Result "0-1"]
[WhiteElo "2257"]
[BlackElo "2302"]
[PlyCount "32"]
[EventDate "2012.??.??"]

1. e4 c5 2. d4 cxd4 3. c3 g6 4. cxd4 d5 5. e5 Bg7 6. Nc3 Nc6 7. Nge2 f6 8. exf6
Nxf6 9. Ng3 Qb6 10. Bb5 O-O 11. Bxc6 bxc6 12. O-O Ng4 13. Nge2 Qc7 14. g3 e5
15. dxe5 Nxe5 16. f4 Bh3 0-1

[Event "USCL Week 4"]
[Site "?"]
[Date "2012.09.26"]
[Round "?"]
[White "Pellows, Bennet"]
[Black "Recio, Miguel"]
[Result "1/2-1/2"]
[WhiteElo "2152"]
[BlackElo "2147"]
[PlyCount "100"]
[EventDate "2012.??.??"]

1. d4 Nf6 2. c4 g6 3. Nc3 Bg7 4. e4 d6 5. f4 O-O 6. Nf3 Na6 7. Be2 e5 8. fxe5
dxe5 9. d5 Nc5 10. Bg5 h6 11. Bxf6 Qxf6 12. b4 Na6 13. Rb1 c5 14. a3 Qb6 15.
Qd2 Rd8 16. Qe3 Bd7 17. O-O cxb4 18. Qxb6 axb6 19. axb4 f5 20. Nh4 fxe4 21.
Nxg6 Kh7 22. Nh4 Rf8 23. Nxe4 Rf4 24. g3 Rxf1+ 25. Bxf1 Nc7 26. Bd3 Kg8 27. Rf1
Ra3 28. Bb1 Rb3 29. Ng6 Rxb4 30. Ne7+ Kh8 31. Nd6 Be8 32. Be4 b5 33. c5 Rd4 34.
Nxe8 Nxe8 35. d6 Nxd6 36. cxd6 Rxe4 37. Nf5 Bf6 38. d7 Bd8 39. Nd6 Bb6+ 40. Kg2
Re2+ 41. Kh3 Rd2 42. Rf6 Bc7 43. Rxh6+ Kg8 44. Re6 b4 45. Kg4 b3 46. Kg5 b2 47.
Re8+ Kg7 48. Re7+ Kg8 49. Re8+ Kg7 50. Re7+ Kg8 1/2-1/2

[Event "USCL Week 4"]
[Site "?"]
[Date "2012.09.26"]
[Round "?"]
[White "Chirila, Cristian"]
[Black "Sammour-Hasbun, Jorge"]
[Result "1-0"]
[WhiteElo "2575"]
[BlackElo "2615"]
[PlyCount "81"]
[EventDate "2012.??.??"]

1. d4 Nf6 2. c4 g6 3. Nc3 d5 4. Nf3 Bg7 5. cxd5 Nxd5 6. Bd2 O-O 7. Rc1 Nb6 8.
Bg5 Nc6 9. e3 h6 10. Bh4 Be6 11. Be2 Qd6 12. O-O Qb4 13. b3 Rfd8 14. Nb5 Rd7
15. Bg3 Rc8 16. Nd2 a6 17. Nc3 Rcd8 18. Nce4 Bf5 19. Bf3 e5 20. Nc5 Nxd4 21.
Nxd7 Nxf3+ 22. Qxf3 Rxd7 23. Nc4 e4 24. Qe2 Nd5 25. Be5 f6 26. Bb2 h5 27. h3
Qe7 28. Rfd1 Qe6 29. Ba3 h4 30. Rd2 c6 31. Bc5 g5 32. Nb6 Rd8 33. Nxd5 cxd5 34.
Qh5 g4 35. hxg4 Bxg4 36. Qxh4 Kf7 37. Bd4 Rh8 38. Rc7+ Kg6 39. Rxg7+ Kxg7 40.
Bxf6+ Qxf6 41. Qxg4+ 1-0

[Event "USCL Week 4"]
[Site "?"]
[Date "2012.09.26"]
[Round "?"]
[White "Shmelov, Denys"]
[Black "Holt, Conrad"]
[Result "1/2-1/2"]
[WhiteElo "2502"]
[BlackElo "2569"]
[PlyCount "111"]
[EventDate "2012.??.??"]

1. d4 d5 2. c4 c6 3. Nf3 Nf6 4. Nc3 dxc4 5. a4 Bf5 6. e3 e6 7. Bxc4 Bb4 8. O-O
O-O 9. Qe2 Bg4 10. h3 Bh5 11. Rd1 Nbd7 12. e4 Qc7 13. g4 Bg6 14. Bd3 Rfe8 15.
Bg5 e5 16. Bxf6 gxf6 17. Rac1 Qb6 18. dxe5 Nxe5 19. Nxe5 Rxe5 20. Kg2 Rae8 21.
f3 R5e7 22. Qc2 Bd6 23. Ne2 a5 24. Ng3 Bf4 25. Rb1 Re5 26. b3 h5 27. Qf2 Be3
28. Qe1 Kg7 29. Nf1 Bc5 30. Nd2 hxg4 31. hxg4 Rd5 32. Nc4 Qd8 33. Bc2 f5 34.
gxf5 Qg5+ 35. Qg3 Rxf5 36. Nd6 Bxd6 37. Rxd6 Ree5 38. Rbd1 Rc5 39. R1d2 Rfd5
40. Qxg5 Rxg5+ 41. Kf2 b5 42. axb5 cxb5 43. Ra6 b4 44. Bd3 Rc3 45. Bc4 Bh5 46.
Rd3 Rc5 47. Rd5 Rxd5 48. Bxd5 Rxf3+ 49. Kg2 Rd3 50. Rxa5 Bf3+ 51. Kf2 Bd1 52.
Ra7 Bxb3 53. Rxf7+ Kg6 54. Rb7 Bxd5 55. exd5 Rxd5 56. Rxb4 1/2-1/2

[Event "USCL Week 4"]
[Site "?"]
[Date "2012.09.26"]
[Round "?"]
[White "Xiong, Jeffery"]
[Black "Martirosov, Vadim"]
[Result "0-1"]
[WhiteElo "2412"]
[BlackElo "2345"]
[PlyCount "106"]
[EventDate "2012.??.??"]

1. e4 e5 2. Nf3 Nc6 3. Bb5 Nf6 4. O-O Nxe4 5. d4 Be7 6. Re1 Nd6 7. dxe5 Nxb5 8.
a4 Nbd4 9. Nxd4 Nxd4 10. Qxd4 O-O 11. Bf4 d6 12. exd6 cxd6 13. Nc3 Bf6 14. Qb4
Bxc3 15. bxc3 a5 16. Qd4 Bf5 17. Bxd6 Re8 18. Qf4 Bxc2 19. Bc7 Qd7 20. Rxe8+
Rxe8 21. Bxa5 Bxa4 22. h3 Bc6 23. Qg3 h6 24. Bb4 Re6 25. Qg4 Qe8 26. Qf4 Rg6
27. g3 Rf6 28. Qd4 Re6 29. c4 Re4 30. Qd3 Qe6 31. Kh2 Bd7 32. Ra8+ Kh7 33. g4
f5 34. Qd6 Rxc4 35. Qxe6 Bxe6 36. gxf5 Bxf5 37. Bd6 Rc3 38. Bg3 h5 39. h4 Rc1
40. Re8 Bg4 41. Re7 Rd1 42. Be5 Rd7 43. Rxd7 Bxd7 44. Kg3 b5 45. Kf4 b4 46. Ke3
b3 47. Kd3 g5 48. hxg5 Kg6 49. Kc3 Be6 50. Kd2 Kxg5 51. Ke2 Kf5 52. f4 h4 53.
Kf2 Ke4 0-1

[Event "USCL Week 4"]
[Site "?"]
[Date "2012.09.26"]
[Round "?"]
[White "Liu, Andrew"]
[Black "Guenther, Travis"]
[Result "0-1"]
[WhiteElo "2148"]
[BlackElo "1969"]
[PlyCount "88"]
[EventDate "2012.??.??"]

1. d4 d5 2. c4 c6 3. Nf3 Nf6 4. Nc3 dxc4 5. a4 Bf5 6. e3 e6 7. Bxc4 Bb4 8. O-O
Nbd7 9. Qe2 Bg6 10. Rd1 O-O 11. Bd2 Bh5 12. e4 e5 13. d5 h6 14. dxc6 bxc6 15.
Be1 Qe7 16. Bb3 Nc5 17. Bc2 Ne6 18. Qc4 Bxf3 19. gxf3 Nd4 20. Rxd4 exd4 21.
Qxd4 Qc5 22. Qe3 Rab8 23. Rb1 Rfd8 24. h4 Qh5 25. e5 Nd5 26. Nxd5 cxd5 27. Qf4
Bxe1 28. Rxe1 Rxb2 29. Bf5 Rb3 30. Bg4 Qg6 31. e6 Rb1 32. exf7+ Kf8 33. Rxb1
Qxb1+ 34. Kg2 d4 35. Qc7 Qb6 36. Qf4 d3 37. Qe4 d2 38. Bh5 Qb8 39. Qh7 d1=Q 40.
Qg8+ Ke7 41. f8=Q+ Rxf8 42. Qxg7+ Kd6 43. Qxh6+ Kc5 44. Qg5+ Qd5 0-1

[Event "USCL Week 4"]
[Site "?"]
[Date "2012.09.26"]
[Round "?"]
[White "Karlow, Nick"]
[Black "Tanenbaum, Zachary"]
[Result "1/2-1/2"]
[WhiteElo "2127"]
[BlackElo "2002"]
[PlyCount "90"]
[EventDate "2012.??.??"]

1. Nf3 d5 2. d4 Bf5 3. g3 Nf6 4. Bg2 e6 5. O-O Be7 6. c4 c6 7. Nc3 Nbd7 8. cxd5
exd5 9. Nh4 Bg4 10. Qd3 O-O 11. Nf5 Re8 12. Nxe7+ Qxe7 13. Re1 Bh5 14. e4 dxe4
15. Nxe4 Nxe4 16. Rxe4 Bg6 17. Rxe7 Bxd3 18. Bg5 Rxe7 19. Bxe7 Re8 20. Re1 Bc4
21. b3 Be6 22. Bd6 Rd8 23. Bc7 Rc8 24. Bd6 Rd8 25. Rd1 Nb6 26. Be7 Re8 27. Bc5
Rd8 28. Rd2 f6 29. f4 Kf7 30. Kf2 Rd7 31. Be4 f5 32. Bf3 Bd5 33. Bh5+ g6 34.
Bd1 Nc8 35. h4 b6 36. Ba3 Nd6 37. Bxd6 Rxd6 38. b4 Bc4 39. a3 c5 40. bxc5 bxc5
41. Ke3 Re6+ 42. Kf2 Rd6 43. Ke3 Re6+ 44. Kf2 Rd6 45. Ke3 Re6+ 1/2-1/2

[Event "USCL Week 4"]
[Site "?"]
[Date "2012.09.26"]
[Round "?"]
[White "Sarkar, Justin"]
[Black "Bregadze, Levan"]
[Result "1-0"]
[WhiteElo "2483"]
[BlackElo "2416"]
[PlyCount "53"]
[EventDate "2012.??.??"]

1. d4 d5 2. c4 c6 3. Nf3 Nf6 4. Nc3 e6 5. Bg5 dxc4 6. e4 b5 7. e5 h6 8. Bh4 g5
9. Nxg5 hxg5 10. Bxg5 Nbd7 11. g3 Qa5 12. exf6 b4 13. Ne4 Ba6 14. Be2 O-O-O 15.
O-O Qf5 16. f3 Nc5 17. Be3 Nxe4 18. fxe4 Qxe4 19. Qd2 Bd6 20. Bf3 Qg6 21. Qg2
Qxf6 22. Bg4 Qg6 23. Qxc6+ Kb8 24. Qxa6 Rxh2 25. Qb5+ Kc8 26. Qxc4+ Kd7 27.
Qb5+ 1-0